The conditions of learning

Gardado en:
Detalles Bibliográficos
Autor Principal: Gagné, Robert Mills (Author)
Formato: Libro
Idioma:inglés
Publicado: Nueva York Holt, Rinehart and Winston 1977
Edición:3a. ed
Subjects:
Tags: Engadir etiqueta
Sen Etiquetas, Sexa o primeiro en etiquetar este rexistro!

MARC

LEADER 00000nam a2200000 a 4500
001 UCT3958
003 CL-VaPUC
008 961031e19770000US |||||||||||||||||eng|d
082 0 4 |a 370.15  |b GAG  |2 21 
100 |a Gagné, Robert Mills  |e author  |9 373047 
245 1 4 |a The conditions of learning 
250 |a 3a. ed 
300 |a 339 p 
942 |c BK 
945 |d 19961031 00:00:00  |a rleighto 
260 |a Nueva York  |b Holt, Rinehart and Winston  |c 1977 
650 0 |a Educación  |9 258661 
650 0 |a Enseñanza  |9 256457 
650 0 |a Psicología del aprendizaje  |9 306854 
650 0 |a Métodos de enseñanza  |9 270413 
583 |a last modification  |c 19961031 00:00:00  |k Rodrigo Vera 
999 |c 253452  |d 253450 
952 |0 0  |1 0  |4 0  |6 370_150000000000000_GAG_1977  |7 0  |8 P  |9 274312  |a BIBEDU  |b BIBEDU  |c BIBEDU_PB  |d 2019-11-19  |i 324167K  |o 370.15 GAG 1977  |p 324167K  |r 2024-01-25  |w 2019-11-19  |y BK  |k EDU